1909 1300 1582 1984 1937 1773 1478 1523 1278 1545 1844 1065 1408 1410 1496 1376 1897 1506 1960 1282 1475 1403 1323 1119 1771 1135 1271 1256 1380 1701 1325 1281 1755 1700 1277 1610 1037 1706 1940 1964 1488 1324 1300 1438 1247 1558 1216 1794 1627 1684 1475 1657 1307 1874 1187 1958 1937 1434 1863 1918 1010 1682 1314 1197 1968 1845 1176 1955 1864 1731 1665 1726 1971 1838 1031 1942 1230 1269 1098 1485 1348 1509 1832 1007 1292 1747 1427 1559 1633 1229 1152 1707 1795 1928 1442 1961 1743 1315 1934 BCNSPRNW ULIB Ver.6.0+V

เปลี่ยนเป็นภาษาไทย

Change to English
 แสดงรายละเอียดบรรณานุกรม
  กลับหน้าหลัก

Brief Record : Get Marc (ISO 2709) : E-mail record : QR code < ปิดหน้าต่าง
LEADER : 00000nam 2200000uu 4500
001    13399124896
003     ULIB
008    160426s2554||||th 000 0 tha d
020    ^a9789744226150
060  4 ^aWS200^bพ482
245 00 ^aPocket book of pediatrics. /^cศรีศุภลักษณ์ สิงคาลวณิช, สมใจ กาญจนพงศ์กุล, ศิริลักษณ์ เจนนุวัตร, บรรณาธิการ
250    ^aพิมพ์ครั้งแรก
260    ^a[นนทบุรี] :^bสถาบันสุขภาพเด็กแห่งชาติมหาราชินี,^c2554.
300    ^axviii, 618 หน้า :^bภาพประกอบ
650  7 ^aโรค^xในวัยทารกและเด็ก
650  7 ^aกุมารเวชศาสตร์
650  7 ^aเด็ก^xโรค
700 0  ^aศิริลักษณ์ เจนนุวัตร,^eบรรณาธิการ
700 0  ^aสมใจ กาญจนพงศ์กุล,^eบรรณาธิการ
700 0  ^aศรีศุภลักษณ์ สิงคาลวณิช,^eบรรณาธิการ
710 2  ^aสถาบันสุขภาพเด็กแห่งชาติมหาราชินี
945    ^p400^l0^i23500
945    ^p400^l0^i23501
945    ^p400^l0^i23502
999    ^aทศพร เกษรทอง
รายการนี้ยังไม่มีแท็ก
คุณยังไม่ได้ล็อกอิน คุณสามารถมีกิจกรรมร่วมกับเว็บไซต์ได้ แต่ต้องล็อกอินก่อน ::
  ล็อกอิน

รายการสื่อสารสนเทศ

ลำดับที่ ประเภท เลขเรียก/บาร์โค้ด สถานที่ สถานะ
1. วิทยาศาสตร์การแพทย์ และสุขภาพ
วิทยาศาสตร์การแพทย์ และสุขภาพ
สถานะ=หนังสือเก่า
WS200 พ482 ฉ.1 
  Barcode: 23500
ห้องสมุดวิทยาเขตนครสวรรค์
►ส่วนจัดเก็บหนังสือเก่า นว.
บนชั้น
  ขอยืม
2. วิทยาศาสตร์การแพทย์ และสุขภาพ
วิทยาศาสตร์การแพทย์ และสุขภาพ
สถานะ=หนังสือเก่า
WS200 พ482 ฉ.2 
  Barcode: 23501
ห้องสมุดวิทยาเขตนครสวรรค์
►ส่วนจัดเก็บหนังสือเก่า นว.
บนชั้น
  ขอยืม
3. วิทยาศาสตร์การแพทย์ และสุขภาพ
วิทยาศาสตร์การแพทย์ และสุขภาพ
สถานะ=หนังสือเก่า
WS200 พ482 ฉ.3 
  Barcode: 23502
ห้องสมุดวิทยาเขตนครสวรรค์
►ส่วนจัดเก็บหนังสือเก่า นว.
บนชั้น
  ขอยืม

รายการใกล้เคียง
    หัวเรื่อง [กุมารเวชศาสตร์]

BibComment


ยังไม่เคยถูกคอมเมนท์

คอมเมนท์ทรัพยากรรายการนี้
  คอมเมนท์: Pocket book of p..


 Copyright 2026. Bcnsprnw @Library